| 000 -LEADER |
| fixed length control field |
00465cam a22001337a 4500 |
| 008 - FIXED-LENGTH DATA ELEMENTS--GENERAL INFORMATION |
| fixed length control field |
180718b1984 xxu||||| |||| 00| 0 eng d |
| 082 ## - DEWEY DECIMAL CLASSIFICATION NUMBER |
| Classification number |
Z09x59 R129 |
| 245 ## - TITLE STATEMENT |
| Title |
Grass-roots participation and self-reliance: experiences in South and South East Asia |
| Statement of responsibility, etc. |
edited by Md. Anisur Rahman |
| 260 ## - PUBLICATION, DISTRIBUTION, ETC. |
| Place of publication, distribution, etc. |
Delhi |
| Name of publisher, distributor, etc. |
Oxford and IBH |
| Date of publication, distribution, etc. |
1984 |
| 300 ## - PHYSICAL DESCRIPTION |
| Extent |
215p. |
| 650 ## - SUBJECT ADDED ENTRY--TOPICAL TERM |
| Topical term or geographic name entry element |
Poverty - Asia, South East |
| 650 ## - SUBJECT ADDED ENTRY--TOPICAL TERM |
| Topical term or geographic name entry element |
Peasant uprisings - Asia, South East |
| 700 ## - ADDED ENTRY--PERSONAL NAME |
| Personal name |
Rahman, Md. Anisur |